A kávékultúra alakulása és fogyasztói szokások vizsgálata
| Szerző: | |
|---|---|
| További közreműködők: | |
| Dokumentumtípus: | Projektmunka |
| Kulcsszavak: | ajánlások árak fogyasztói szokás kávé kávéfogyasztás |
| Online Access: | http://dolgozattar.uni-bge.hu/60251 |
MARC
| LEADER | 00000nnm a2200000 i 4500 | ||
|---|---|---|---|
| 001 | dolg60251 | ||
| 005 | 20260409150208.0 | ||
| 008 | 260409suuuu hu o 000 hun d | ||
| 040 | |a BGE Dolgozattár Repozitórium |b hun | ||
| 041 | |a hu | ||
| 100 | 1 | |a Szeifert Barbara | |
| 245 | 1 | 2 | |a A kávékultúra alakulása és fogyasztói szokások vizsgálata |c Szeifert Barbara |h [elektronikus dokumentum] |
| 516 | |a Project_work | ||
| 520 | 3 | |a A kutatásom célja a kávéfogyasztási szokások feltérképezése volt. A szakirodalom és az általam készített kérdőív kiértékelése segített abban, hogy jobban megértsem a témát, és átfogó képet nyújtsak az eredményekről. Fontos megjegyezni, hogy a minta nem túl nagy, így az eredmények csak egy kisebb községre vonatkoztathatók.A válaszadók többsége otthon és munkahelyén fogyaszt kávét, és a nők körében többen kávéznak rendszeresen. Az eredmények alapján az eredeti feltevésem, miszerint „a kávézás, mint társasági esemény határozza meg az emberek fogyasztási szokásait”, nem teljesen igaz. A kutatás szerint a kávéfogyasztók több mint kétharmada inkább otthon fogyasztja el a kávét.Bár a minta nem reprezentatív, az eredmények segítenek rálátást adni arra, hogy mik azok a fő tényezők, amelyek befolyásolják a kávé vásárlását és fogyasztását. Véleményem szerint fontos, hogy a fogyasztók tisztában legyenek a kávé jótékony és káros hatásaival, hiszen sokan napi több csészével is fogyasztanak, anélkül, hogy tudnák, milyen hatással lehet ez a későbbiekben. Bár mindenki maga dönt, hogy milyen kávét és milyen gyakorisággal fogyaszt, jó lenne, ha az egészségügyi hatóságok több csatornán is tájékoztatnák az embereket a kávé hatásairól. Egy egyszerű megoldás lehetne például plakátok és szórólapok elhelyezése orvosi rendelőkben. Az idősebb generációt rádión, tévén és folyóiratokon keresztül lehet elérni, míg a fiatalabbakat az interneten és közösségi oldalakon. Ebben a folyamatban egészségügyi szervezetek és nonprofit csoportok is szerepet vállalhatnának.A jövőre kitekintve most még több út rajzolódik ki elénk. Az utak valószínűleg nagyban el fognak térni egymástól, amit befolyásolhat a társadalom és a földrajzi elhelyezkedés, illetve a politikai és gazdasági környezet. Most az tűnik a legvalószínűbbnek, hogy záros határidőn belül megszületnek az első tudásbázisú kávézók, valamint a jelenlegi helyek alakulnak át ilyenekké. Ezek a kávézók talán egy zártabb közönséget szeretnének majd megszólítani a nagyobb tömeg helyett és vélhetően nagyobb hangsúlyt fognak fektetni a szakmai és tudományos munkára, ezáltal fogják előre vinni ennek a világnak a szakmaiságát. Természetesen lesznek a szélesebb rétegek számára is elérhető és megfizethető specialty, illetve egyéb típusú kávézók, ahol reményeink szerint jó minőségű italokat és ételeket lehet vásárolni, de a fókusz inkább a gazdaságos működésen és a nagyobb vendéglétszámon lesz, mintsem a szakmai fejlődésen. | |
| 695 | |a ajánlások | ||
| 695 | |a árak | ||
| 695 | |a fogyasztói szokás | ||
| 695 | |a kávé | ||
| 695 | |a kávéfogyasztás | ||
| 700 | 1 | |a Lenkovics Dr. Beatrix |e ths | |
| 856 | 4 | 0 | |u http://dolgozattar.uni-bge.hu/60251/1/Szeifert%20Barbara%20projektmunka%2055.pdf |z Dokumentum-elérés |
| 856 | 4 | 0 | |u http://dolgozattar.uni-bge.hu/60251/2/7.%20%20Szeifert%20Barbara%20B%C3%ADr%C3%A1lati%20lap_FOSZK_2025.pdf |z Dokumentum-elérés |